000 00370nam a2200145Ia 4500
008 230917s9999||||xx |||||||||||||| ||und||
040 _e184443
_aMAIN
041 _aEnglish
082 _a323.4 H88H
100 _aBrijesh Bapu, ed.
245 0 _aHuman rights and social justice
260 _aNew Delhi
_bGlobal Publications
_c2010
300 _av, 296 p.
942 _cBK
999 _c156660
_d156660